Geography Quiz

Random Geography or City Quiz

Minefield Map: 9-Letter Capitals Quiz Stats

 Plays Quiz Updated Apr 18, 2019

Score 0/21 Timer 02:00
4 Plays Today
% Correct
???
64.4%
???
64%
???
63.6%
???
63.2%
???
60.9%
???
59.1%
???
58.9%
???
58%
???
56.9%
???
55.7%
???
52.5%
% Correct
???
51.4%
???
47.8%
???
46.1%
???
43.4%
???
38.7%
???
37%
???
31.3%
???
31.2%
???
29%
???
25%

You're not logged in!

Compare scores with friends on all Sporcle quizzes.
OR
Log In

Show Comments

Extras

Top Quizzes Today


Score Distribution

Your Account Isn't Verified!

In order to create a playlist on Sporcle, you need to verify the email address you used during registration. Go to your Sporcle Settings to finish the process.

Report this User

Report this user for behavior that violates our Community Guidelines.

Details: